000 00293 a2200133 4500
020 _a9505580274
020 _a9789505580279
041 _aspa
100 _aBird, Poldy
245 _aCuentos con niebla / Poldy Bird.
260 _aArgentina : Ediciones, 1983.
300 _a170 p
942 _cBK
999 _c1515
_d1515